| 000 | 01080nam a2200289 i 4500 | ||
|---|---|---|---|
| 003 | EG-GICUC | ||
| 005 | 20260404073137.0 | ||
| 008 | 260404s1947 cn ||||fr|||| 00| 0 fre d | ||
| 040 |
_aEG-GiCUC _cEG-GiCUC _dEG-GiCUC _eRda _bfre |
||
| 082 | 0 | 4 |
_221 _a341.23 _bMI . N |
| 092 | 0 | 4 | _221 |
| 099 | _aLaw1 11 341.23 MI . N 1947 | ||
| 111 | _aMinistere Des Affaires Exterieures | ||
| 245 | 1 | 4 |
_aLes Nations Unies 1946 : _bRapport Sur La Seconde Partie De La Premiere Session De L'assemblee Generale Des Nations Unies, Tenue a New-york Du 23 Octobre Au 15 Decembre 1946 / _cMinistere Des Affaires Exterieures. |
| 264 | 1 |
_aOttawa : _bEdmond Cloutier. C.m.g., B.a., L.ph, _c1947. |
|
| 300 |
_a294page : _billustration ; _c 24 cm. |
||
| 336 |
_2rda contenu _a texte |
||
| 337 |
_2rda medias _aOrdinateur |
||
| 338 |
_2 transporteur rda _a Ressource en ligne |
||
| 504 | _a | ||
| 546 | _aTexte en français | ||
| 650 | 1 | 4 | _2Droit international public |
| 651 | 1 | _2 | |
| 856 | 4 | 0 | _uhttps://fll.law.cu.edu.eg/fulltext/bks/B11-05175.pdf |
| 905 | _a50 | ||
| 942 |
_2ddc _cBK _e21 _n0 |
||
| 999 |
_c68555 _d68555 |
||